[Event "10th Gashimov Mem Rapid"]
[Site "Shusha AZE"]
[Date "2024.09.26"]
[Round "3.1"]
[White "Artemiev, V."]
[Black "Mamedyarov, S."]
[Result "1-0"]
[WhiteElo "2701"]
[BlackElo "2733"]
[PlyCount "71"]
[EventDate "2024.09.26"]
[EventType "rapid"]

1. Nf3 d5 2. g3 g6 3. Bg2 Bg7 4. O-O e5 5. d3 Ne7 6. e4 O-O 7. b4 ({RR} 7. a4 a5 8. Na3 Nbc6 9. c3 h6 10. Nb5 Be6 11. Re1 Qd7 12. d4 dxe4 13. Nxe5 Nxe5 14. dxe5 Qxd1 15. Rxd1 Rad8 16. Be3 c6 17. Nd6 Bxe5 18. Nxb7 Rxd1+ 19. Rxd1 Rb8 20. Rd8+ Rxd8 21. Nxd8 Bb3 {Artemiev,V (2704)-Nepomniachtchi,I (2792) Moscow 2021 ½-½ (41)}) 7... Nbc6 ({RR} 7... d4 8. c3 a5 9. b5 c5 10. bxc6 Nexc6 11. Bb2 Na6 12. cxd4 exd4 13. Na3 Be6 14. Qd2 Nc5 15. Nc2 Na4 16. Ba3 Re8 17. Rfb1 Rb8 18. Bb2 b5 19. h4 h6 20. Kh2 b4 21. Bh3 f5 22. exf5 {Banusz,T (2580)-To,N (2298) chess.com INT 2025 0-1 (53)}) 8. c3 a5 $146 ({RR} 8... a6 9. a4 d4 10. cxd4 Nxd4 11. Nxd4 Qxd4 12. Qb3 Rd8 13. Be3 Qxd3 14. Nc3 Be6 15. Qb2 Nc6 16. Rfd1 Qc4 17. Nd5 Bxd5 18. exd5 Qxb4 19. Rab1 Qxb2 20. Rxb2 Na5 21. Rc1 e4 22. Rbb1 Rxd5 23. Rxc7 {Vlachos,A (2438)-Jumabayev,R (2637) Chess.com INT 2021 1-0 (34)}) 9. b5 Na7 10. c4 c6 11. a4 d4 12. b6 Qxb6 13. c5 Qc7 14. Na3 b5 15. cxb6 Qxb6 16. Nc4 Qc7 17. Bd2 Bg4 18. Bxa5 Qc8 19. Qd2 Qe6 20. Ng5 Qf6 21. Bc7 h6 22. Nxe5 Qxg5 23. Qxg5 hxg5 24. Nxg4 Nac8 25. Rfb1 Ra7 26. Bb8 Ra5 27. e5 Nd5 28. Bxd5 cxd5 29. Rb5 Ra6 30. a5 Re8 31. Rc1 Ne7 32. Bd6 Nf5 33. Rxd5 Nxd6 34. exd6 f5 35. d7 Rd8 36. Rc8 1-0

[Event "Jerusalem Masters 2024"]
[Site "Jerusalem ISR"]
[Date "2024.09.24"]
[Round "4.4"]
[White "Rodshtein, M."]
[Black "Gorshtein, Ido"]
[Result "1-0"]
[WhiteElo "2600"]
[BlackElo "2543"]
[PlyCount "133"]
[EventDate "2024.09.24"]

1. Nf3 d5 2. g3 Nd7 3. d4 Nb6 4. Nc3 Nf6 5. Bg2 h6 6. O-O Bf5 7. Nd2 e6 8. e4 Bh7 9. a4 a5 10. Re1 $146 ({RR} 10. exd5 exd5 11. Nb3 c6 12. Re1+ Be7 13. Nc5 Ra7 14. Qe2 Nc8 15. Bh3 b6 16. Nd3 O-O 17. Ne5 Rc7 18. Nd1 Re8 19. Ne3 Nd6 20. c3 Bf8 21. Qa6 Qb8 22. Qf1 Nde4 23. N3g4 Nxg4 24. Bxg4 Qb7 {Levin,G (2452)-Piorun,K (2599) San Vicente ESP 2024 0-1 (48)}) 10... Be7 11. exd5 exd5 12. Nb3 O-O 13. Nc5 Rb8 14. Nb5 Nc4 15. Bf4 Nd6 16. Be5 c6 17. Nxd6 Bxd6 18. Bxf6 gxf6 19. Qg4+ Kh8 20. Re2 Bxc5 21. dxc5 b6 22. cxb6 Qxb6 23. c3 Rbe8 24. Rae1 Rxe2 25. Rxe2 Bd3 26. Rd2 Bg6 27. h4 Re8 28. h5 Bh7 29. Qd7 Re1+ 30. Kh2 Kg7 31. Qg4+ Kh8 32. Qf4 Kg7 33. b4 Re5 34. Qg4+ Rg5 35. Qh4 Bf5 36. Bf3 Be6 37. Qd4 Qc7 38. Kg2 Bc8 39. Re2 Re5 40. Re3 axb4 41. cxb4 Qe7 42. a5 Rxe3 43. fxe3 Ba6 44. e4 dxe4 45. Qxe4 Qd6 46. Qg4+ Kf8 47. Qf4 Ke7 48. Qxh6 Qxb4 49. Qe3+ Kf8 50. Qh6+ Ke7 51. Qe3+ Kf8 52. Qf4 Qxa5 53. Qxf6 Qd2+ 54. Kh3 Bf1+ 55. Kh4 Qb4+ 56. Bg4 Qe7 57. Qxe7+ Kxe7 58. Kg5 Bd3 59. Bf5 f6+ 60. Kg6 Bxf5+ 61. Kxf5 Kf7 62. g4 Kg7 63. Ke6 c5 64. Kd5 Kh6 65. Kxc5 Kg5 66. Kd6 f5 67. h6 1-0

[Event "Julius Baer Gen Cup D2 L"]
[Site "chess.com INT"]
[Date "2024.09.28"]
[Round "1.1"]
[White "Bok, B."]
[Black "Yakubboev, Nodirbek"]
[Result "1-0"]
[WhiteElo "2596"]
[BlackElo "2666"]
[PlyCount "149"]
[EventDate "2024.09.28"]
[EventType "k.o."]

1. Nf3 d5 2. g3 Nc6 3. d4 Bf5 4. Bg2 e6 5. O-O Nf6 6. c4 h6 ({RR} 6... dxc4 7. Nbd2 Be7 8. Ne5 Nxd4 9. Bxb7 Rb8 10. Qa4+ Kf8 11. Bf3 Bc5 12. Ndxc4 Bh3 13. Be3 Bxf1 14. Kxf1 Be7 15. Rd1 c5 16. Bxd4 cxd4 17. Nc6 Qe8 18. Qa6 h5 19. Rc1 g6 20. Qxa7 Ra8 21. Qxe7+ {Talib (2710)-Neverfail,s (2490) Playchess.com INT 2005 ½-½ (78)}) 7. Nc3 Bd6 8. cxd5 ({RR} 8. Nh4 Be4 9. f3 Bh7 10. cxd5 exd5 11. e4 Bb4 12. e5 Ng8 13. f4 Nge7 14. f5 Bxc3 15. bxc3 Qd7 16. Qh5 g6 17. Qxh6 Nxf5 18. Nxf5 gxf5 19. Bg5 Qe6 20. Bf6 Kd7 21. c4 Nxd4 22. cxd5 Qb6 {King,A (2263)-Rian,K (2089) chess.com INT 2024 1-0 (34)}) 8... exd5 9. Nb5 $146 ({RR} 9. Qb3 Na5 10. Qa4+ c6 11. Ne5 O-O 12. a3 Bxe5 13. dxe5 Nd7 14. e4 dxe4 15. Nxe4 Nxe5 16. Bf4 Nd3 17. Nd6 Bg6 18. Bd2 Qxd6 19. Bxa5 Nxb2 20. Qb3 Nd3 21. Rfd1 Qc5 22. Rxd3 Bxd3 23. Bb4 Qb5 {Mwali,C (2285)-Bwalya,G (2405) Lilongwe 2021 0-1}) 9... O-O 10. Nxd6 cxd6 11. Be3 Qd7 12. Qb3 Na5 13. Qc3 Nc4 14. b3 Na3 15. Rac1 Rfc8 16. Qb2 Nc2 17. Bd2 Qb5 18. Nh4 Bh7 19. Bh3 Qxe2 20. Bxc8 Rxc8 21. Be3 g5 22. Ng2 Be4 23. f3 Bg6 24. Rf2 Qd3 25. Rd2 Qf5 26. g4 Qxf3 27. Rf2 Qxg4 28. Rxf6 Be4 29. Rf2 Nxe3 30. Rxc8+ Kg7 31. Qe2 Qxc8 32. Qxe3 Qg4 33. h3 Qd1+ 34. Kh2 f6 35. h4 Kg6 36. hxg5 hxg5 37. Qg3 Qh5+ 38. Kg1 Qd1+ 39. Kh2 Qh5+ 40. Qh3 Qd1 41. Qh8 f5 42. Qg8+ Kf6 43. Qf8+ Kg6 44. Qxd6+ Kg7 45. Qg3 Kf6 46. Qe5+ Kg6 47. Qd6+ Kg7 48. Qg3 Kf6 49. Qh3 Kg6 50. Qe3 f4 51. Nxf4+ gxf4 52. Qxf4 Qh1+ 53. Kg3 Qg1+ 54. Kh3 Qh1+ 55. Rh2 Qb1 56. Qg3+ Kf7 57. Rf2+ Bf5+ 58. Kh4 Qe4+ 59. Kg5 Ke6 60. Qe5+ Qxe5 61. dxe5 Be4 62. Kf4 a5 63. Rh2 Bb1 64. a3 d4 65. Rh6+ Kd5 66. Rd6+ Kc5 67. Rd8 Ba2 68. e6 Bxb3 69. e7 Ba4 70. Ke5 Bc6 71. Rxd4 b5 72. Rd6 Be8 73. Rd8 Bh5 74. Rc8+ Kb6 75. Kd4 1-0

[Event "Julius Baer Gen Cup D2 L"]
[Site "chess.com INT"]
[Date "2024.09.29"]
[Round "3.1"]
[White "Daneshvar, Bardiya"]
[Black "Indjic, A."]
[Result "1-0"]
[WhiteElo "2598"]
[BlackElo "2611"]
[PlyCount "93"]
[EventDate "2024.09.28"]
[EventType "k.o."]

1. Nf3 d5 2. e3 Nf6 3. b3 Bf5 4. Be2 h6 5. Ba3 c6 6. O-O Nbd7 7. c4 Qa5 8. Qc1 e5 $146 ({RR} 8... e6 9. Bxf8 Nxf8 10. Qb2 N8d7 11. Rc1 O-O 12. b4 Qd8 13. cxd5 cxd5 14. Nc3 Qe7 15. Na4 Nb6 16. Nc5 Rfc8 17. d3 Rc7 18. a4 Nbd7 19. Nxd7 Qxd7 20. Rxc7 Qxc7 21. Rc1 Qd7 22. Qc2 Ne8 23. Ne5 {Prohaszka,P (2570)-Terbe,J (2305) Ajka 2021 1-0 (44)}) 9. Bxf8 Kxf8 10. Qb2 Re8 11. b4 Qb6 12. Nc3 Bg4 13. cxd5 cxd5 14. Rfc1 a6 15. Na4 Qd6 16. Nc5 Bxf3 17. Bxf3 Rb8 18. Rc2 Ke7 19. Rac1 Rhc8 20. d4 e4 21. Be2 Rc7 22. a4 Rcc8 23. a5 h5 24. h3 g5 25. b5 axb5 26. Bxb5 Nxc5 27. dxc5 Qe6 28. Qb4 g4 29. hxg4 Nxg4 30. Be2 Rc6 31. a6 Qe5 32. Bxg4 hxg4 33. a7 Rh8 34. Qxb7+ Rc7 35. a8=Q Qh2+ 36. Kf1 Rxa8 37. Qxa8 Qh1+ 38. Ke2 Qxg2 39. Qb8 Qf3+ 40. Ke1 Qh1+ 41. Kd2 Qh2 42. Rf1 d4 43. Ke1 d3 44. Rc4 f5 45. Rd4 Qe5 46. Rh1 Qxc5 47. Qxc7+ 1-0

[Event "Julius Baer Gen Cup D3 W"]
[Site "chess.com INT"]
[Date "2024.09.27"]
[Round "1.1"]
[White "Deac, Bogdan-Daniel"]
[Black "Yoo, Christopher Woojin"]
[Result "1-0"]
[WhiteElo "2680"]
[BlackElo "2603"]
[PlyCount "121"]
[EventDate "2024.09.27"]
[EventType "k.o."]

1. Nf3 d5 2. g3 Nf6 3. Bg2 c5 4. O-O Nc6 5. d4 e6 6. c4 dxc4 7. Qa4 Bd7 8. Qxc4 cxd4 9. Nxd4 Rc8 10. Nc3 Qa5 11. Nb3 Qb4 12. Qxb4 Bxb4 13. Be3 Bxc3 14. bxc3 Nd5 $146 ({RR} 14... b6 15. a4 Ne7 16. Rfc1 Nfd5 17. Bd4 f6 18. c4 Nb4 19. a5 Rb8 20. axb6 axb6 21. Ra7 Nec6 22. Bxc6 Nxc6 23. Ra6 Nxd4 24. Nxd4 Ke7 25. Rb1 {½-½ (25) Protassov,V (1889)-Pedmanson,A (1914) Kohtla Jaerve 2021}) 15. Bxd5 exd5 16. Rfd1 Be6 17. Nd4 Nxd4 18. Bxd4 O-O 19. Rdb1 Rc7 20. Bxa7 Ra8 21. Bd4 Ra4 22. a3 h6 23. Rb4 Rxb4 24. axb4 b5 25. f3 Kh7 26. Ra5 Rb7 27. g4 f5 28. h3 fxg4 29. hxg4 h5 30. gxh5 Bf7 31. Ra6 Bxh5 32. Rd6 Bf7 33. Kf2 Re7 34. e3 Kg8 35. Rd8+ Kh7 36. Rb8 Be8 37. Bc5 Re6 38. Rb7 Rf6 39. Bd4 Rf7 40. Rb6 Rf5 41. Rb7 Rf7 42. Rb8 Bd7 43. Kg3 g5 44. Rb6 Be8 45. Re6 Rf8 46. Rd6 Bh5 47. f4 gxf4+ 48. exf4 Rf5 49. Rd7+ Kh6 50. Rb7 Be2 51. Rb6+ Kh7 52. Re6 Bd1 53. Re1 Bh5 54. Re7+ Kh6 55. Re6+ Kh7 56. Be5 Be2 57. Rd6 Bc4 58. Kg4 Rf7 59. Bd4 Be2+ 60. Kg5 Bd3 61. Rh6+ 1-0

[Event "Julius Baer Gen Cup D3 W"]
[Site "chess.com INT"]
[Date "2024.09.27"]
[Round "1.1"]
[White "Theodorou, Nikolas"]
[Black "Svane, Frederik"]
[Result "1-0"]
[WhiteElo "2619"]
[BlackElo "2640"]
[PlyCount "91"]
[EventDate "2024.09.27"]
[EventType "k.o."]

1. Nf3 d5 2. b3 Nf6 3. Bb2 e6 4. Rg1 c5 5. g4 d4 ({RR} 5... h6 6. h4 Nc6 7. g5 hxg5 8. hxg5 Ne4 9. d3 Qa5+ 10. c3 Nd6 11. Nbd2 Bd7 12. Qc2 O-O-O 13. a3 Kb8 14. b4 cxb4 15. axb4 Qc7 16. Qb3 Nb5 17. e3 a6 18. d4 Nca7 19. c4 dxc4 20. Bxc4 {Carlsen,M (2832)-Martinez Martin,D (2390) chess.com INT 2024 1-0 (34)}) 6. e3 Nc6 7. Bb5 Qb6 $146 ({RR} 7... Bd7 8. Qe2 a6 9. Bxc6 Bxc6 10. exd4 Qd5 11. Rg3 Bd6 12. c4 Qe4 13. dxc5 Bxg3 14. Qxe4 Bxe4 15. Ng5 Bf4 16. Bxf6 Bxb1 17. Rxb1 gxf6 18. Ne4 Ke7 19. Ke2 Rad8 20. d3 h5 21. h3 hxg4 22. hxg4 {Theodorou,N (2619)-Mahdavi,R (2323) chess.com INT 2023 0-1}) 8. Bxc6+ bxc6 9. exd4 cxd4 10. Bxd4 c5 11. Bxf6 gxf6 12. Nc3 Bb7 13. Qe2 Qc6 14. Rg3 h5 15. gxh5 Rxh5 16. O-O-O O-O-O 17. Nd4 cxd4 18. Qxh5 Kb8 19. Na4 Bd6 20. Qxf7 Bxg3 21. hxg3 e5 22. Kb2 Rc8 23. Rc1 d3 24. Nc3 Qf3 25. Qd7 dxc2 26. Rxc2 Qxf2 27. Qd6+ Ka8 28. Nb5 Qb6 29. Rxc8+ Bxc8 30. Qxb6 axb6 31. Nc7+ Kb7 32. Ne8 f5 33. Nd6+ Kc7 34. Nxc8 Kxc8 35. Kc3 Kc7 36. a4 Kc6 37. b4 Kd5 38. Kd3 Kd6 39. Ke3 Kd5 40. d3 Ke6 41. a5 bxa5 42. bxa5 Kd5 43. a6 Kc6 44. d4 e4 45. d5+ Kb6 46. d6 1-0

[Event "Julius Baer Gen Cup D3 W"]
[Site "chess.com INT"]
[Date "2024.09.27"]
[Round "1.4"]
[White "Svane, R."]
[Black "Bosiocic, Mari"]
[Result "1-0"]
[WhiteElo "2629"]
[BlackElo "2555"]
[PlyCount "57"]
[EventDate "2024.09.27"]
[EventType "k.o."]

1. Nf3 d6 2. d4 Nf6 3. g3 Nbd7 4. Bg2 e5 5. c4 c6 6. Nc3 e4 7. Nd2 d5 8. O-O ({RR} 8. cxd5 cxd5 9. f3 exf3 10. Nxf3 Be7 11. O-O Nb6 12. Qd3 O-O 13. a4 g6 14. Ne5 Be6 15. a5 Nbd7 16. a6 Nxe5 17. dxe5 Ng4 18. axb7 Qb6+ 19. Kh1 Rad8 20. Nxd5 Bxd5 21. Bxd5 Qf2 22. Bg2 Qxf1+ {Piorun,K (2657)-Heberla,B (2556) Warsaw 2019 1-0 (60)}) 8... Bb4 9. Qb3 $146 ({RR} 9. cxd5 cxd5 10. Qb3 Bxc3 11. bxc3 O-O 12. c4 Re8 13. h3 h5 14. Qe3 Nb6 15. c5 Nbd7 16. Nb3 Nf8 17. Bd2 Bf5 18. Rab1 Qd7 19. Na5 Rab8 20. Rxb7 Rxb7 21. c6 Qe6 22. cxb7 Bxh3 23. Rb1 N8d7 {Sivakumar,S (2366)-Kadric,D (2558) chess.com INT 2024 1-0 (40)}) ({RR} 9. e3 Bxc3 10. bxc3 O-O 11. cxd5 cxd5 12. c4 Re8 13. cxd5 Nb6 14. Ba3 Nbxd5 15. Rc1 b6 16. Nc4 Ba6 17. Qa4 Bxc4 18. Rxc4 a6 19. Qb3 Rc8 20. Rfc1 Qd7 21. h3 h5 22. Bf1 b5 23. Rc5 g5 {Leon Magallanes,I (2192)-Corona Monraz,R (1969) chess.com INT 2025 1-0 (34)}) 9... Bxc3 10. bxc3 Nb6 11. cxd5 cxd5 12. a4 a5 13. Ba3 Be6 14. Rab1 Ra6 15. c4 Qd7 16. c5 Nxa4 17. c6 Qxc6 18. Rfc1 Qd7 19. Qxb7 Qxb7 20. Rxb7 Ra8 21. e3 Nd7 22. Bf1 Nab6 23. Bb5 Kd8 24. Rc6 Rc8 25. Rd6 Rc3 26. Bc5 Kc8 27. Ba6 Kd8 28. Bxb6+ Ke7 29. Bc5 1-0

[Event "Julius Baer Gen Cup D3 W"]
[Site "chess.com INT"]
[Date "2024.09.27"]
[Round "2.4"]
[White "Keymer, Vincent"]
[Black "Santos Latasa, J."]
[Result "1-0"]
[WhiteElo "2730"]
[BlackElo "2624"]
[PlyCount "89"]
[EventDate "2024.09.27"]
[EventType "k.o."]

1. Nf3 d5 2. e3 Nf6 3. c4 e6 4. Nc3 dxc4 5. Bxc4 a6 6. e4 b5 7. Bb3 Bb7 8. e5 Nd5 9. d4 c5 10. Bxd5 Bxd5 11. Bg5 Qd7 12. Nxd5 $146 ({RR} 12. dxc5 Bc6 13. b4 h6 14. Be3 Qb7 15. O-O Nd7 16. Bd4 Be7 17. Re1 g5 18. Rc1 Rc8 19. Nd2 Bxg2 20. Nce4 Qd5 21. Kxg2 Qxd4 22. Nd6+ Bxd6 23. exd6 Qxb4 24. Re4 Qa3 25. Re3 Qb4 26. c6 Qxd6 {Keymer,V (2701)-Tristan,L (2526) chess.com INT 2023 1-0 (46)}) 12... Qxd5 13. dxc5 Bxc5 14. Qxd5 exd5 15. Rd1 Nc6 16. Rxd5 Be7 17. Bxe7 Kxe7 18. Ke2 Rac8 19. Rhd1 Rhd8 20. Rxd8 Nxd8 21. Nd4 g6 22. f4 Rc4 23. b3 Rc5 24. Ke3 b4 25. g3 Nb7 26. Kd2 Nd8 27. Rc1 Ra5 28. Rc2 Kd7 29. Ke3 Ne6 30. Nxe6 fxe6 31. g4 Rd5 32. Rd2 Kc6 33. Rxd5 Kxd5 34. h4 a5 35. Kd3 h6 36. Ke3 g5 37. fxg5 hxg5 38. hxg5 Kxe5 39. Kd3 Kd6 40. Ke4 Ke7 41. Ke5 Kf7 42. Kd6 Kg6 43. Kxe6 Kxg5 44. Kd5 Kxg4 45. Kc5 1-0

[Event "Julius Baer Gen Cup D3 L"]
[Site "chess.com INT"]
[Date "2024.09.28"]
[Round "2.2"]
[White "Bosiocic, Mari"]
[Black "Santos Latasa, J."]
[Result "1-0"]
[WhiteElo "2555"]
[BlackElo "2624"]
[PlyCount "95"]
[EventDate "2024.09.27"]
[EventType "k.o."]

1. Nf3 Nf6 2. g3 c5 3. c4 b6 4. Bg2 Bb7 5. O-O g6 6. d4 cxd4 7. Qxd4 Bg7 8. Nc3 d6 9. Be3 Nbd7 10. Rac1 Rc8 11. b3 O-O 12. Qh4 Re8 ({RR} 12... a6 13. Rfd1 Rc7 14. Bh3 Qb8 15. g4 e6 16. g5 Ne8 17. Nd4 Nc5 18. b4 Nd7 19. Nxe6 fxe6 20. Bxe6+ Kh8 21. Nd5 Bxd5 22. cxd5 Ne5 23. Bd4 Rxc1 24. Rxc1 Nc7 25. Rc3 Qe8 26. Rh3 h5 27. gxh6 {Vallejo Pons,F (2705)-Almasi,Z (2707) Beijing 2011 0-1}) 13. g4 $146 ({RR} 13. Rfd1 a6 14. Bh3 Rb8 15. Nd4 Rc8 16. g4 Ne4 17. Nxe4 Bxe4 18. g5 Ba8 19. Nc2 Qc7 20. f3 e6 21. Bd4 Ne5 22. Ne3 Red8 23. Bg2 Qb8 24. f4 Bxg2 25. Kxg2 Qb7+ 26. Kf2 Rf8 27. fxe5 dxe5 {Teplitsky,Y (2450)-Leveille,F (2350) Toronto 1996 1-0 (36)}) ({RR} 13. Rfd1 Nc5 14. Bh6 Bh8 15. Bh3 Rb8 16. Nd5 Nce4 17. Ng5 e6 18. Ne3 Qc7 19. Bg2 Nc5 20. Bxb7 Rxb7 21. Qf4 Rd8 22. b4 Na4 23. Qh4 Qe7 24. Nf3 Ne8 25. Bg5 f6 26. Bh6 f5 27. Qxe7 Rxe7 {Sjugirov,S (2661)-Romanov,E (2599) Bryansk 2021 1-0 (40)}) 13... a6 14. g5 Nh5 15. Nd5 b5 16. Nd4 e5 17. Nf5 gxf5 18. Qxh5 bxc4 19. bxc4 f4 20. Bd2 Nf8 21. Nf6+ Bxf6 22. Bxb7 Bg7 23. Bxc8 Qxc8 24. e3 Ne6 25. exf4 exf4 26. Rfe1 Qc6 27. Qg4 Be5 28. Bc3 Qc5 29. Re4 Qa3 30. Bd2 Qd3 31. Qe2 Qxe2 32. Rxe2 Nd4 33. Rce1 Rc8 34. Rxe5 dxe5 35. Kg2 Rc5 36. Re4 Nc6 37. Kf3 h6 38. h4 hxg5 39. hxg5 Kg7 40. Kg4 Kg6 41. Bc3 a5 42. a3 Kg7 43. Rxf4 Kf8 44. Re4 Kg8 45. f4 exf4 46. Re8+ Kh7 47. Rh8+ Kg6 48. Rh6# 1-0

[Event "Julius Baer Gen Cup Pl/In"]
[Site "chess.com INT"]
[Date "2024.09.25"]
[Round "1"]
[White "Iniyan, Pa"]
[Black "Lodici, Lorenzo"]
[Result "1-0"]
[WhiteElo "2524"]
[BlackElo "2556"]
[PlyCount "45"]
[EventDate "2024.09.25"]

1. Nf3 d5 2. c4 d4 3. e3 Nc6 4. d3 e5 5. exd4 exd4 6. Be2 Bb4+ 7. Nbd2 a5 8. O-O Nf6 9. a3 Be7 10. b3 O-O 11. Bb2 Bf5 12. Ne1 $146 ({RR} 12. Re1 Qd7 13. h3 h6 14. Bf1 Bh7 15. Nxd4 Nxd4 16. Bxd4 Qxd4 17. Rxe7 Bxd3 18. Nf3 Qd8 19. Re3 Bxf1 20. Qxf1 Qd6 21. a4 Rfe8 22. Rae1 Rxe3 23. Rxe3 Rd8 24. g3 Qd1 25. Qxd1 Rxd1+ 26. Kg2 Kf8 {Nowak,M (2360)-Bus,K (2264) Leba POL 2023 ½-½}) 12... Qd7 13. Bf3 Rab8 14. Ne4 Ne5 15. Nxf6+ Bxf6 16. Be2 b5 17. Qd2 bxc4 18. bxc4 a4 19. Ra2 Rb3 20. h3 h6 21. f4 Nc6 22. Bd1 Na5 23. Qxa5 1-0

[Event "Julius Baer Gen Cup Pl/In"]
[Site "chess.com INT"]
[Date "2024.09.25"]
[Round "1"]
[White "Bosiocic, Mari"]
[Black "Bologan, V."]
[Result "1-0"]
[WhiteElo "2555"]
[BlackElo "2598"]
[PlyCount "75"]
[EventDate "2024.09.25"]

1. Nf3 d6 2. g3 e5 3. Bg2 f5 4. O-O Nf6 5. c4 Be7 ({RR} 5... c6 6. d3 Nbd7 7. Nc3 a5 8. e4 fxe4 9. dxe4 Nc5 10. Be3 Qe7 11. Bxc5 dxc5 12. Qa4 Nd7 13. Qb3 Qf6 14. Rad1 Bd6 15. Rd3 Bc7 16. Na4 Rb8 17. Bh3 Qe7 18. Rfd1 Nb6 19. Bxc8 Nxc8 20. Rd7 {Petrosian,T (2601)-Savchenko,B (2573) Chess.com INT 2020 1-0 (32)}) 6. b4 ({RR} 6. Nc3 O-O 7. b3 c6 8. Bb2 Qe8 9. d3 Qh5 10. Nd2 f4 11. e3 Bg4 12. f3 Bh3 13. g4 Qh6 14. e4 c5 15. Rf2 Nc6 16. Kh1 Bxg2+ 17. Rxg2 Qg6 18. Nd5 Nxd5 19. exd5 Nd8 20. Ne4 Nf7 {Shandrygin,N (2209)-Zhang,D (2162) chess.com INT 2024 1-0 (43)}) 6... O-O 7. Nc3 e4 $146 ({RR} 7... Qe8 8. Nd5 Bd8 9. Bb2 Qh5 10. Nxf6+ Bxf6 11. Qb3 Nc6 12. c5+ Kh8 13. b5 Nd8 14. cxd6 cxd6 15. Qb4 Nf7 16. Rfc1 Rd8 17. Rc7 Rb8 18. Rc2 Qg4 19. Qa3 a6 20. b6 f4 21. d3 fxg3 22. hxg3 {Vilaisarn,A (2199)-Carvallo,H (2191) Chartres 2005 1-0 (58)}) 8. Ne1 c6 9. Nc2 Qe8 10. d3 d5 11. cxd5 cxd5 12. b5 Nbd7 13. Nd4 Nb6 14. a4 Bd7 15. a5 Nc8 16. Qb3 Qf7 17. Ba3 Nd6 18. Rac1 Rac8 19. Rfd1 Rfd8 20. Bb4 a6 21. b6 Bc6 22. e3 g6 23. Nce2 Bb5 24. Nf4 exd3 25. Nxd5 Kg7 26. Rxc8 Nxc8 27. Nxe7 Qxb3 28. Nxb3 Ba4 29. Nc5 Bxd1 30. Ne6+ Kh6 31. Nxd8 Nxe7 32. Bxe7 Bb3 33. Bxf6 d2 34. Bf3 d1=Q+ 35. Bxd1 Bxd1 36. Nxb7 Bf3 37. Nc5 Be2 38. b7 1-0

[Event "Julius Baer Gen Cup Pl/In"]
[Site "chess.com INT"]
[Date "2024.09.25"]
[Round "1"]
[White "Oparin, G."]
[Black "Moroni, L."]
[Result "1-0"]
[WhiteElo "2662"]
[BlackElo "2558"]
[PlyCount "105"]
[EventDate "2024.09.25"]

1. Nf3 g6 2. e4 Bg7 3. d4 d6 4. Bd3 Nf6 5. O-O O-O 6. Re1 Nc6 7. h3 ({RR} 7. d5 Nb8 8. h3 Nbd7 9. c4 Nc5 10. Bc2 a5 11. Nc3 e5 12. Bg5 Qe8 13. Nb5 Qe7 14. b3 Kh8 15. a3 Na6 16. b4 Bd7 17. Qd2 Qe8 18. Bd3 Nh5 19. Rab1 f5 20. exf5 gxf5 21. Be2 Nf6 {Grischuk,A (2750)-Carlsen,M (2832) Chess.com INT 2017 1-0 (46)}) ({RR} 7. d5 Nb8 8. h3 e5 9. c4 Nh5 10. Nc3 Nd7 11. Rb1 h6 12. b4 f5 13. c5 f4 14. a4 g5 15. Be2 Nhf6 16. Ba3 g4 17. hxg4 Nxg4 18. Rb3 Ndf6 19. a5 a6 20. Bd3 h5 21. b5 axb5 {Grischuk,A (2745)-Moroni,L (2576) chess.com INT 2023 1-0 (53)}) 7... Nh5 $146 ({RR} 7... e5 8. dxe5 {½-½ (8) Kochyev,A (2475)-Pirttimaki,T (2250) Helsinki 1989}) ({RR} 7... e5 8. dxe5 dxe5 9. c3 h6 10. a4 Nh5 11. Bc4 Nf4 12. Bxf4 Qxd1 13. Rxd1 exf4 14. Nbd2 Re8 15. Re1 Bd7 16. Nb3 Ne5 17. Nxe5 Rxe5 18. Red1 Be8 19. f3 Bf6 20. Nc1 Re7 21. Nd3 g5 22. a5 {Ivanov,O (2390)-Nogerbek,K (2530) Moscow RUS 2025 0-1 (58)}) 8. e5 dxe5 9. dxe5 Bh8 10. Nc3 Be6 11. Bh6 Ng7 12. Ng5 Qc8 13. Qf3 Rd8 14. g4 Nd4 15. Qf4 c5 16. Rad1 c4 17. Be4 Qc5 18. Bxb7 Rab8 19. Bg2 Rxb2 20. Na4 Ne2+ 21. Kh2 Rxd1 22. Rxd1 Qa5 23. Qd2 Qxa4 24. Qxe2 Rb8 25. Qe4 Qb5 26. f4 c3 27. Bxg7 Bxg7 28. Nxe6 fxe6 29. g5 Rf8 30. Kg3 a5 31. h4 Qc5 32. Bh3 Kh8 33. Bxe6 h6 34. a4 h5 35. Qd4 Qc6 36. Bd5 Qc8 37. Bf3 Qf5 38. Qe4 Qe6 39. Rd5 Qb6 40. Qd4 Qb1 41. Qd1 Qb6 42. Rd4 Qc5 43. Qd3 Rxf4 44. Rxf4 Bxe5 45. Qe4 Bd6 46. Kg2 Bxf4 47. Qxf4 Kg7 48. Qe4 Qd6 49. Be2 e6 50. Bd3 Kf8 51. Qxg6 Qd4 52. Qe4 Qb6 53. Qf4+ 1-0

[Event "Julius Baer Gen Cup Pl/In"]
[Site "chess.com INT"]
[Date "2024.09.25"]
[Round "2"]
[White "Santos Latasa, J."]
[Black "Murzin, Volodar"]
[Result "1-0"]
[WhiteElo "2624"]
[BlackElo "2648"]
[PlyCount "109"]
[EventDate "2024.09.25"]

1. Nf3 d5 2. e3 Nf6 3. c4 e6 4. Nc3 Nbd7 5. b3 Bd6 ({RR} 5... b6 6. cxd5 exd5 7. g3 Bb7 8. Bg2 g6 9. O-O Bg7 10. Ba3 c5 11. b4 O-O 12. bxc5 bxc5 13. Rc1 Re8 14. Re1 Ne4 15. Bb2 Rb8 16. d3 Nxc3 17. Bxc3 Bxc3 18. Rxc3 Qa5 19. Qc1 d4 20. Ra3 {Dubov,D (2696)-Yu,Y (2760) Liaocheng 2018 ½-½ (70)}) 6. Bb2 O-O 7. Be2 b6 ({RR} 7... Re8 8. Rg1 dxc4 9. bxc4 e5 10. g4 Nc5 11. g5 Nfe4 12. d3 Nxc3 13. Bxc3 e4 14. dxe4 Nxe4 15. Qb3 Qe7 16. a3 Nxf2 17. Bf6 Qe4 18. Kxf2 gxf6 19. gxf6+ Kh8 20. Rg5 Bf4 21. exf4 Qxe2+ 22. Kg1 {Lai,D (2072)-Krzywda,A (2152) chess.com INT 2025 1-0 (55)}) 8. cxd5 $146 ({RR} 8. O-O c6 9. d4 b5 10. c5 Bc7 11. b4 e5 12. dxe5 Nxe5 13. Nxe5 Bxe5 14. Qc2 Re8 15. Rad1 Qe7 16. Bf3 a5 17. a3 axb4 18. axb4 Bg4 19. Bxg4 Nxg4 20. h3 Qh4 21. Qe2 f5 22. Qf3 Nh2 {Silva,C-Limp,E (2395) Rio de Janeiro 2008 0-1 (32)}) 8... exd5 9. Nb5 Be7 10. Nbd4 Bb7 11. Rc1 c5 12. Nf5 Re8 13. Nxe7+ Qxe7 14. d4 Ne4 15. O-O Nf8 16. Nd2 Ne6 17. dxc5 Nxd2 18. Qxd2 bxc5 19. Rfe1 Qg5 20. Bf1 d4 21. Qa5 Qg6 22. Kh1 h5 23. f3 dxe3 24. Rxe3 Red8 25. Rce1 h4 26. h3 Qc2 27. R3e2 Qg6 28. Re3 Qc2 29. Qc3 Qxc3 30. Bxc3 Bd5 31. Ba5 Rd7 32. Rd1 Nd4 33. Rc3 Be6 34. Rdc1 Nf5 35. Rxc5 Ng3+ 36. Kg1 Kh7 37. Ba6 Rd6 38. Rc6 Rd5 39. Be1 Rad8 40. R6c2 Rd1 41. Rxd1 Rxd1 42. Kf2 Ra1 43. Bc3 Rd1 44. Rd2 Rc1 45. Bd4 Bf5 46. Bxa7 g5 47. Bb8 Nh1+ 48. Ke3 Kg6 49. b4 Rb1 50. b5 Rb4 51. Bd6 Ra4 52. b6 Rxa6 53. b7 Rb6 54. b8=Q Rxb8 55. Bxb8 1-0

[Event "Julius Baer Gen Cup Pl/In"]
[Site "chess.com INT"]
[Date "2024.09.25"]
[Round "3"]
[White "Ponkratov, P."]
[Black "Rasulov, Vu"]
[Result "1-0"]
[WhiteElo "2564"]
[BlackElo "2531"]
[PlyCount "93"]
[EventDate "2024.09.25"]

1. Nf3 d5 2. g3 g6 3. c4 dxc4 4. Qa4+ Nc6 5. Qxc4 Bg7 6. Bg2 Nh6 ({RR} 6... e5 7. O-O Nge7 8. d3 O-O 9. Nc3 h6 10. Qa4 Bd7 11. Qa3 Nf5 12. Bd2 Re8 13. Rac1 b6 14. Rfe1 a5 15. b3 Rc8 16. Qb2 Ncd4 17. Nxd4 exd4 18. Ne4 c5 19. a3 Qe7 20. b4 axb4 21. axb4 {Nakamura,H (2793)-Caruana,F (2787) Saint Louis 2015 ½-½ (152)}) 7. h4 $146 ({RR} 7. O-O Nf5 8. e3 e5 9. Nc3 O-O 10. a3 a5 11. Ne4 Nd6 12. Nxd6 cxd6 13. d4 d5 14. Qb5 e4 15. Nd2 a4 16. Nb1 Ra5 17. Qe2 b6 18. Bd2 Ba6 19. Qd1 Bxf1 20. Bxf1 Ra8 21. Bb5 Na5 {Andreikin,D (2729)-Yilmaz,M (2587) chess.com INT 2024 1-0 (80)}) 7... Nf5 8. h5 Be6 9. Qa4 Qd7 10. Nc3 Ncd4 11. Nxd4 Nxd4 12. Bxb7 Qxa4 13. Nxa4 Nc2+ 14. Kd1 Nxa1 15. Bxa8 O-O 16. Be4 Bxa2 17. Nc3 Be6 18. h6 Bb3+ 19. Ke1 Bxc3 20. dxc3 Rd8 21. Kf1 f5 22. Bd3 e5 23. Bg5 Rd7 24. f3 Bd5 25. Rh4 Nb3 26. Be3 a5 27. Kf2 Kf7 28. Ra4 c5 29. Bc2 c4 30. Bxb3 cxb3 31. Rxa5 Ke6 32. Rb5 Rb7 33. Ra5 e4 34. f4 Kd6 35. Bc5+ Ke6 36. Ra6+ Kf7 37. Bd4 Be6 38. Rc6 Bd5 39. Rc8 Ke6 40. c4 e3+ 41. Kxe3 Be4 42. Kd2 Kd7 43. Rh8 Ke6 44. Kc3 Bc2 45. Bg7 Re7 46. Rxh7 Kd7 47. Kd2 1-0